Straßenbahnhaltestellen Mannheim/Ludwigshafen - Statistiken

Allgemein
  • Dieses Quiz wurde 67 mal gespielt
  • Das Durchschnittsergebnis liegt bei 107 aus 340
Antwortstatistiken
Hint Antwort % Korrekt
1 | 2 | 3 | +4 others Paradeplatz
84%
1 | 4/4A | 5 | +2 others Universität
79%
2 | 3 | 4/4A | 6 Wasserturm
77%
1 | 3 | 4/4A | +2 others Marktplatz
74%
1 | 5 | 6A | 7 Schloss
74%
1 | 3 | 4/4A | +2 others Abendakademie
70%
2 | 5/5A Rosengarten
70%
1 | 2 | 3 | 4/4A Alte Feuerwache
65%
3 | 4/4A | 5/5A | 6 Kunsthalle
65%
5 | 6 Neuostheim
63%
1 Schönau
63%
1 | 6 | 6A | 9 Tattersall
63%
2 | 3 | 4/4A | 6 Strohmarkt
60%
1 | 3 | 4/4A | +3 others MA Hauptbahnhof
56%
2 | 5/5A | 7 Nationaltheater
56%
1 Neuer Messplatz
56%
3 Neuer Messplatz
56%
1 Rheinau Bahnhof
56%
4/4A | 6/6A | 7 | +2 others Berliner Platz
53%
5 Collini-Center
53%
2 Kurpfalzbrücke
51%
6 | 9 Luisenpark/Technoseum
51%
5 Fernmeldeturm
49%
2 Feudenheim
49%
5/5A Käfertal Bahnhof
49%
1 Neckarau Bahnhof
49%
2 | 5/5A | 7 Theresienkrankenhaus
49%
4/4A | 9 Oggersheim
47%
6 | 6A Planetarium
47%
5 Duale Hochschule
42%
1 Hochschule
42%
3 Sandhofen
42%
7 Vogelstang
42%
1 Waldhof Bahnhof
42%
5 Bismarckplatz
40%
6 Carl-Benz-Stadion
40%
1 | 3 Carl-Benz-Straße
40%
4/4A | 9 | 10 LU Hauptbahnhof
40%
1 | 3 Luzenberg
40%
4/4A Schafweide
40%
7 Gewerkschaftshaus
37%
5A Heddesheim
37%
5/5A Käfertal Süd
37%
1 Kopernikusstraße
37%
2 | 6/6A MA Rathaus/REM
37%
3 Neckarau West
37%
2 Neckarstadt West
37%
3 Rheingoldhalle
37%
2 | 4/4A | 5/5A | 7 Uniklinikum
37%
5 HD Hauptbahnhof
35%
5 Lessingstraße
35%
6 | 6A | 9 Pestalozzischule
35%
6 | 6A | 9 Weberstraße
35%
5/5A Exerzierplatz
33%
1 | 3 Herzogenriedstraße
33%
7 Oppau
33%
2 | 6/6A Rheinstraße
33%
6 | 6A | 9 Werderstraße
33%
2 Dalbergstraße
30%
6/6A Handelshafen
30%
5 Holbeinstraße
30%
1 Krappmühlstraße
30%
4/4A | 5/5A Lange Rötterstraße
30%
6/6A | 7 LU Rathaus
30%
3 MA Hauptbahnhof Süd
30%
2 | 7 Pfeifferswörth
30%
5 Seckenheim Bahnhof
30%
1 | 3 Untermühlaustraße
30%
5 Viernheim Bahnhof
30%
7 BASF
28%
4/4A | 5/5A Bonifatiuskirche
28%
5 Dossenheim
28%
5 Edingen Bahnhof
28%
1 Friedrichstraße
28%
5/5A Mannheimer Straße
28%
2 MVV-Hochhaus
28%
6A SAP-Arena S-Bahnhof
28%
5 Seckenheim Rathaus
28%
1 Voltastraße
28%
4A Waldfriedhof
28%
1 Waldhof Nord
28%
2 Am Aubuckel
26%
9 Bad Dürkheim Bahnhof
26%
5 Berufsschule
26%
5 Deutscher Hof
26%
9 Maxdorf
26%
6A SAP-Arena Süd
26%
5 Seegarten
26%
4/4A Speckweg
26%
5A Wallstadt Ost
26%
4/4A Zum Guten Hirten
26%
2 | 7 Bibienastraße
23%
1 Isarweg
23%
4 Käfertaler Wald
23%
10 Klinikum
23%
6/6A | 7 Ludwigstraße
23%
4/4A LU Hauptfriedhof
23%
2 | 7 MA Hauptfriedhof
23%
4/4A Mannheimer Tor
23%
3 Markuskirche
23%
5 Pforzheimer Straße
23%
1 Rheinau Karlsplatz
23%
1 Sandrain
23%
5 Schriesheim Bahnhof
23%
5A | 7 Vogelstang West
23%
4A Waldstraße
23%
5A Wallstadt Bahnhof
23%
5 Weinheim Hauptbahnhof
23%
7 Adolf-Damaschke-Ring
21%
5 | 16 Bensheimer Straße
21%
5 Edingen West
21%
6A Gerd-Dehof-Platz
21%
4/4A | 9 Hans-Warsch-Platz
21%
4/4A Hessische Straße
21%
4/4A Jugendverkehrsschule
21%
4/4A | 7 Konrad-Adenauer-Brücke
21%
10 Luitpoldhafen
21%
2 | 7 Neckarplatt
21%
2 Neckarstraße
21%
3 Roche
21%
4/4A | 9 Rohrlachstraße
21%
1 Schönauschule
21%
1 Schönau Siedlung
21%
6/6A Südwest-Stadion
21%
7 Talstraße
21%
4/4A Ulmenweg
21%
5A Wallstadt West
21%
4/4A Wollstraße
21%
5/5A Boveristraße
19%
4 Carl-Benz-Bad
19%
10 Ebertpark/Fichtestraße
19%
2 Feudenheim Kirche
19%
4/4A Heinrich-Pesch-Haus
19%
1 Lettestraße
19%
2 Neumarkt
19%
3 Papyrus
19%
5 SRH Campus
19%
5 Stadtbücherei
19%
5 Stadtwerke
19%
5 Viernheim Ost
19%
7 Vogelstang-Zentrum
19%
6/6A Wittelsbachplatz
19%
7 Ziethenstraße
19%
5 Brückenstraße
16%
10 | 4/4A Bürgermeister-Kutterer-Straße
16%
1 Dannstadter Straße
16%
3 Diesterwegschule
16%
9 Ellerstadt Ost
16%
4A Freilichtbühne
16%
6 Harrlach
16%
4/4A Hochuferstraße
16%
5A Im Rott
16%
10 | 4/4A Kaiser-Wilhelm-Straße
16%
4/4A Landwehrstraße
16%
5 Leutershausen
16%
2 Liebfrauenstraße
16%
6/6A Mundenheim Nord
16%
5 Neu-Edingen Gewerbegebiet
16%
1 Neuhofer Straße
16%
10 | 4/4A Pfalzbau/Wilhelm-Hack-Museum
16%
7 Potsdamer Weg
16%
9 Ruchheim
16%
6/6A Schillerschule
16%
3 Stollenwörth
16%
5 Wieblingen Mitte
16%
4/4A Wilhelm-Tell-Straße
16%
3 Altrheinstraße
14%
6/6A Am Schwanen
14%
3 Bürstadter Straße
14%
5 Dossenheim Süd
14%
9 Ellerstadt West
14%
4A Erlöserkirche
14%
6A Fahrlach
14%
5 Freiburger Straße
14%
6/6A Friedensstraße
14%
10 Friesenheim Mitte
14%
9 Fußgönheim
14%
7 Gartenstraße
14%
3 Hanfstraße
14%
5 Hans-Thoma-Platz
14%
7 Kiesäcker
14%
10 Marienkirche
14%
9 Maxdorf Süd
14%
3 Meeräckerplatz
14%
5 Ochsenkopf
14%
5 Platz der Freundschaft
14%
6/6A Rheingönheim Neubruch
14%
5 Schriesheim Süd
14%
5 Stahlbad
14%
10 Sternstraße
14%
1 Waldseestraße
14%
5 Walter-Gropius-Allee
14%
5 Weinheim Alter OEG-Bahnhof
14%
5 Wieblingen Taubenfeld
14%
3 Zellstoff-Fabrik
14%
2 Blücherstraße
12%
2 Bürgermeister-Fuchs-Straße
12%
1 Distelsand
12%
3 Franz-Sigel-Straße
12%
3 Freiheitsplatz
12%
7 Friesenheim Ost
12%
5 Gneisenaustraße Süd
12%
9 Gönnheim
12%
5 Großsachsen Bahnhof
12%
5 Händelstraße
12%
10 Heinrich-Ries-Halle
12%
7 Hemshofstraße
12%
4/4A Hermann-Gutzmann-Schule
12%
6/6A Hoheneckenstraße
12%
5 Hohensachsen
12%
7 Hölderlinstraße
12%
6A Husarenweg
12%
5 Kapellenberg
12%
5 Kapellenweg
12%
6 Lucas-Cranach-Straße
12%
3 Stolberger Straße
12%
3 Tannhäuserring
12%
6A Ulanenweg
12%
5 Zentgrafenstraße
12%
10 Amtsgericht
9%
5 Blumenthalstraße
9%
6/6A Brückweg
9%
5 Dossenheim Nord
9%
16 Franklin Mitte
9%
16 Franklinschule
9%
9 Friedelsheim
9%
6/6A Giulinistraße
9%
5 Großsachsen Süd
9%
10 Hagellochstraße
9%
10 Kreuzstraße
9%
5 Kußmaulstraße
9%
5 Lützelsachsen Bergstraße
9%
5 Lützelsachsen Pilgerhaus
9%
7 Oppau Süd
9%
7 Rheinfeldstraße
9%
5 Rosenbrunnen
9%
7 Schopenhauerstraße
9%
10 | 6/6A Schützenstraße
9%
10 Schwalbenweg
9%
6 Schwindstraße
9%
6/6A Stifterstraße
9%
5 Tivoli RNZ
9%
9 Westlich B9
9%
3 Windeckstraße
9%
9 Bad Dürkheim Ost
7%
5 Blumenstraße
7%
10 Rottstraße
7%
7 Rottstückerweg
7%
16 Sullivan
7%
7 Ammoniakstraße
5%
5 Biethsstraße
5%
5 Handschuhsheim Burgstraße
5%
Keine übereinstimmenden Quizze gefunden
Verteilung der Resultate
Anzahl Personen mit jedem Resultat
Perzentil nach korrekt beantworteten Fragen
Ihre Resultats-Entwicklung
Sie haben dieses Quiz noch nicht gespielt